Essentials of marketing : (Record no. 4349)
[ view plain ]
| 000 -LEADER | |
|---|---|
| fixed length control field | 00778cam a22002294a 4500 |
| 001 - CONTROL NUMBER | |
| control field | 13915680 |
| 005 - DATE AND TIME OF LATEST TRANSACTION | |
| control field | 20250225163709.0 |
| 008 - FIXED-LENGTH DATA ELEMENTS--GENERAL INFORMATION | |
| fixed length control field | 050330s2006 maua b 001 0 eng |
| 020 ## - INTERNATIONAL STANDARD BOOK NUMBER | |
| International Standard Book Number | 0072935898 (alk. paper) |
| 020 ## - INTERNATIONAL STANDARD BOOK NUMBER | |
| International Standard Book Number | 9780072935899 |
| 050 00 - LIBRARY OF CONGRESS CALL NUMBER | |
| Classification number | HF5415 |
| Item number | .M378 2006 |
| 082 00 - DEWEY DECIMAL CLASSIFICATION NUMBER | |
| Classification number | 658.8 |
| Edition information | 22 |
| 100 1# - MAIN ENTRY--PERSONAL NAME | |
| Personal name | Perreault, William D. |
| 245 10 - TITLE STATEMENT | |
| Title | Essentials of marketing : |
| Remainder of title | a global-managerial approach / |
| Statement of responsibility, etc. | William D. Perreault, Jr., E. Jerome McCarthy. |
| 250 ## - EDITION STATEMENT | |
| Edition statement | 10th ed. |
| 260 ## - PUBLICATION, DISTRIBUTION, ETC. | |
| Place of publication, distribution, etc. | Boston, Mass. : |
| Name of publisher, distributor, etc. | McGraw-Hill/Irwin, |
| Date of publication, distribution, etc. | c2006. |
| 300 ## - PHYSICAL DESCRIPTION | |
| Extent | xl, 638 p. : |
| Other physical details | col. ill. ; |
| Dimensions | 28 cm. + |
| Accompanying material | 1 CD-ROM (4 3/4 in.) |
| 440 #0 - SERIES STATEMENT/ADDED ENTRY--TITLE | |
| Title | McGraw-Hill/Irwin series in marketing |
| 650 #0 - SUBJECT ADDED ENTRY--TOPICAL TERM | |
| Topical term or geographic name entry element | Marketing. |
| 700 1# - ADDED ENTRY--PERSONAL NAME | |
| Personal name | McCarthy, E. Jerome |
| Fuller form of name | (Edmund Jerome) |
| 942 ## - ADDED ENTRY ELEMENTS (KOHA) | |
| Source of classification or shelving scheme | Library of Congress Classification |
| Koha item type | Books |
| Edition | 10th Ed. |
| Suppress in OPAC | No |
| 999 ## - | |
| -- | 4349 |
| -- | 4349 |
| Withdrawn status | Lost status | Source of classification or shelving scheme | Damaged status | Not for loan | Collection | Home library | Current library | Shelving location | Date acquired | Total checkouts | Full call number | Barcode | Date last seen | Copy number | Price effective from | Koha item type |
|---|---|---|---|---|---|---|---|---|---|---|---|---|---|---|---|---|
| Library of Congress Classification | Non-fiction | Business Library (Miotso) | Business Library (Miotso) | General stacks | 02/25/2025 | HF5415 .M378 2006 | BSSM00000991 | 02/25/2025 | 1 | 02/25/2025 | Books | |||||
| Library of Congress Classification | Non-fiction | Business Library (Miotso) | Business Library (Miotso) | General stacks | 02/25/2025 | HF5415 .M378 2006 | BSSM00000992 | 02/25/2025 | 2 | 02/25/2025 | Books | |||||
| Library of Congress Classification | Graduate Library (Christ Temple) | Graduate Library (Christ Temple) | General stacks | 01/20/2026 | HF5415PER | gsct00001993 | 01/20/2026 | 1 | 01/20/2026 | Books | ||||||
| Library of Congress Classification | Graduate Library (Christ Temple) | Graduate Library (Christ Temple) | General stacks | 01/20/2026 | HF5415PER | gsct00001994 | 01/20/2026 | 2 | 01/20/2026 | Books |